000 00705nam a22001817a 4500
003 IT-RoPau
005 20220918181106.0
008 130523b xxu||||| |||| 00| 0 eng d
040 _cIT-RoPau
100 _aCentro Promozione e Formazione
_9595
245 _a"Al centro sta Gesù Cristo Via, Verità e Vita"
_bCentro Promozione e Formazione
250 _a1° ed
260 _aRoma
_bSSP - Centro Promozione e Formazione
_cs.d.
300 _a13 pp.
_c29,5 cm
490 _aCentro Promozione e Formazione
520 _aIndice Schema 1 - Spiritualità paolina Schema 2 - "Io sono la Via" Schema 3 - "Iosono la Verita" Schema 4 - "Io sono la Vita" Schema 5 - Il Maestro e il Discepolo
942 _2ddc
_cBK
999 _c98598
_d98598